000
00256nam a2200109Ia 4500
008
190216s9999||||xx |||||||||||||| ||und||
100
_a
Paniker
245
0
_a
Pazhayavine Puthiya Lebalil
260
_b
Nbs Kottayam
650
_a
Essay Malayalam
942
_c
BK
999
_c
24729
_d
24729